Российский биотерапевтический журнал. Т. 21, № 4 (Запись № 12949427)

Подробности
000 -МАРКЕР
контрольное поле 00812nam2a2200205 4500
001 - ИДЕНТИФИКАТОР ЗАПИСИ
контрольное поле RU\NLR\PER_A\003155595_001250
005 - ИДЕНТИФИКАТОР ВЕРСИИ
контрольное поле 20250625030512.0
035 ## - ДРУГИЕ СИСТЕМНЫЕ НОМЕРА
Идентификатор записи (NLR Aleph) 016292724
100 ## - ДАННЫЕ ОБЩЕЙ ОБРАБОТКИ
Данные общей обработки 20230217d2022 |||y0rusy50 ca
101 0# - ЯЗЫК РЕСУРСА
Язык текста, звукозаписи и т.д. русский
102 ## - СТРАНА ПУБЛИКАЦИИ ИЛИ ПРОИЗВОДСТВА
Страна публикации Российская Федерация
200 0# - ЗАГЛАВИЕ И СВЕДЕНИЯ ОБ ОТВЕТСТВЕННОСТИ
Основное заглавие Т. 21, № 4
210 ## - ПУБЛИКАЦИЯ, РАСПРОСТРАНЕНИЕ И ДР.
Дата издания, распространения и т.д. 2022
Место издания, распространения и т.д. Б. м.
461 #0 - УРОВЕНЬ НАБОРА
Встроенное поле 001RU\NLR\INFOCOMM22\5000120017
-- 2001#$aРоссийский биотерапевтический журнал$eТеорет. и науч.-практ. журн.$vТ. 21, № 4
Системный номер (АБИС) связанной записи 3048951
Место публикации М.
Дата публикации 2002 -
Имя издателя, распространителя и т.д. Б.и.
Сведения, относящиеся к заглавию Теорет. и науч.-практ. журн.
Заглавие Российский биотерапевтический журнал
ISSN 1726-9784
Номер тома Т. 21, № 4
852 ## - МЕСТОНАХОЖДЕНИЕ И ШИФР ХРАНЕНИЯ
Идентификатор организации NLR
Шифр хранения (Call Number) П17/929
942 ## - ДОПОЛНИТЕЛЬНЫЕ ЭЛЕМЕНТЫ ЗАПИСИ (АБИС)
Тип экземпляра АБИС Выпуск
980 ## - КОЛЛЕКЦИЯ
Название коллекции Национальная библиография
980 ## - КОЛЛЕКЦИЯ
Название коллекции Русская периодика

Нет доступных экземпляров.